| 000 | 00930nam a22001935i 4500 | ||
|---|---|---|---|
| 001 | 167393 | ||
| 003 | ES-MaACL | ||
| 005 | 20230906213521.0 | ||
| 008 | 010213s1903 sp |||| | spa d | ||
| 040 |
_aCCPB | B _bspa _cCCPB | B |
||
| 100 | 1 |
_aVicario y de la Peña, Nicolás. _9133666 |
|
| 245 | 1 | 0 |
_aCostumbres administrativas de la autonomía vascongada _b: memoria que obtuvo el primer premio en el cuarto concurso especial sobre derecho consuetudinario y economía popular abierto por la Real Academia de Ciencias Morales y Políticas para el año de 1901 / _cescrita por Nicolas Vicario y de la Peña. |
| 260 |
_aMadrid : _b[s.n.], _c1903 ( _fAsilo de Huérfanos del Sagrado Corazón de Jesús) |
||
| 300 |
_a310 p. ; _c24 cm. |
||
| 650 | 4 |
_aDerecho consuetudinario- _zPaís Vasco. _9135879 |
|
| 651 | 4 |
_aPaís Vasco- _xAdministración. _99146 |
|
| 752 |
_aEspaña - _dMadrid |
||
| 852 |
_aES-MaACL _jB-5454 _z-- Enc. hol. |
||
| 999 |
_c167393 _d167393 |
||